[Event "2. Bundesliga West 2012/13"]
[Site "Bregenz"]
[Date "2013.01.13"]
[Round "8"]
[Board "3"]
[White "Kranz, Armin"]
[Black "Juergens, Klaus"]
[Result "1-0"]
[WhiteElo "2142"]
[BlackElo "2170"]
[PlyCount "89"]
[EventDate "2012.10.05"]
[EventType "team"]
[EventRounds "11"]
[EventCountry "AUT"]
[WhiteTeam "Goetzis"]
[BlackTeam "ASK 1"]

1. d4 Nf6 2. Nf3 g6 3. c4 Bg7 4. g3 O-O 5. Bg2 d6 6. Nc3 Nc6 7. O-O a6 8. b3
Rb8 9. Nd5 e6 10. Nxf6+ Qxf6 11. Bg5 Qf5 12. Qd2 Nxd4 13. Nxd4 Bxd4 14. Qxd4
Qxg5 15. Qa7 Bd7 16. Bxb7 a5 17. Rfd1 Qe5 18. Bf3 Rfc8 19. Rab1 Be8 20. Rd3 c6
21. Re3 Qf5 22. Be4 Qg5 23. h4 Qd8 24. Qd4 d5 25. Bf3 c5 26. Qf4 d4 27. Rd3 Qe7
28. Qd2 e5 29. Be4 a4 30. e3 Rb6 31. exd4 cxd4 32. Re1 axb3 33. Rxb3 Rcb8 34.
Reb1 Qc5 35. Qc2 Kg7 36. Rxb6 Rxb6 37. Rxb6 Qxb6 38. c5 Qc7 39. c6 f5 40. Bd5
Kf6 41. Qc5 Qe7 42. Qa5 Qd6 43. c7 Bd7 44. Qa8 Kg7 45. Qd8 1-0

[Event "2. Bundesliga West 2012/13"]
[Site "Bregenz"]
[Date "2013.01.13"]
[Round "8"]
[Board "4"]
[White "Herndl, Gerald"]
[Black "Scheffknecht, Philipp"]
[Result "0-1"]
[WhiteElo "2171"]
[BlackElo "2065"]
[PlyCount "126"]
[EventDate "2012.10.05"]
[EventType "team"]
[EventRounds "11"]
[EventCountry "AUT"]
[WhiteTeam "ASK 1"]
[BlackTeam "Goetzis"]

1. e4 c5 2. Nf3 e6 3. d3 d6 4. g3 b6 5. Bg2 Bb7 6. O-O Nd7 7. Nc3 a6 8. a4 Ngf6
9. Ne1 Qc7 10. f4 h5 11. Nf3 e5 12. Nh4 O-O-O 13. Bd2 Kb8 14. Nd5 Nxd5 15. exd5
Be7 16. fxe5 Nxe5 17. a5 b5 18. Nf5 Bf6 19. Ne3 Bc8 20. Rb1 Ng4 21. c3 Rde8 22.
Nxg4 Bxg4 23. Bf3 Bf5 24. Be2 Qd7 25. b4 c4 26. Be1 Rxe2 27. Qxe2 Bxd3 28. Qb2
Bxf1 29. Kxf1 Qf5+ 30. Kg1 Re8 31. Rc1 Bg5 32. Ra1 Qf3 33. Qg2 Qxg2+ 34. Kxg2
Re2+ 35. Kh3 Be3 36. g4 hxg4+ 37. Kxg4 Bd2 38. Ra2 Re4+ 39. Kf3 Re3+ 40. Kf2
Rxe1 41. Rxd2 Re5 42. Rd4 Kc7 43. Rg4 g5 44. h4 gxh4 45. Rxh4 Rxd5 46. Rf4 f5
47. Rh4 Rd2+ 48. Ke1 Rc2 49. Rh7+ Kb8 50. Rh3 d5 51. Kd1 Rb2 52. Rh6 f4 53. Rf6
d4 54. cxd4 c3 55. Rxa6 f3 56. Rf6 f2 57. Kc1 Re2 58. Rf8+ Kc7 59. Rf7+ Kd6 60.
a6 Re1+ 61. Kc2 f1=Q 62. Rxf1 Rxf1 63. Kxc3 Ra1 0-1

[Event "2. Bundesliga West 2012/13"]
[Site "Bregenz"]
[Date "2013.01.13"]
[Round "8"]
[Board "5"]
[White "Langwieser, Alexander"]
[Black "Scheiblmaier, Robert"]
[Result "0-1"]
[WhiteElo "2081"]
[BlackElo "2135"]
[PlyCount "52"]
[EventDate "2012.10.05"]
[EventType "team"]
[EventRounds "11"]
[EventCountry "AUT"]
[WhiteTeam "Goetzis"]
[BlackTeam "ASK 1"]

1. e4 e6 2. d4 d5 3. e5 c5 4. c3 Qb6 5. Nf3 Nc6 6. Bd3 cxd4 7. cxd4 Bd7 8. O-O
Nxd4 9. Nxd4 Qxd4 10. Nc3 Qxe5 11. Re1 Qb8 12. Nxd5 Bd6 13. Qg4 Kf8 14. Qh3 h5
15. Bd2 Nh6 16. Ne3 Kg8 17. Bc3 Be5 18. Bxe5 Qxe5 19. Nc4 Qf6 20. Ne5 Ng4 21.
Nxg4 hxg4 22. Qxg4 Bc6 23. Qe2 Qh4 24. h3 Bxg2 25. Qg4 Qxg4 26. hxg4 Bf3 0-1

[Event "2. Bundesliga West 2012/13"]
[Site "Bregenz"]
[Date "2013.01.13"]
[Round "8"]
[Board "6"]
[White "Navratil, Robert"]
[Black "Ferk, Martin"]
[Result "1/2-1/2"]
[WhiteElo "2131"]
[BlackElo "1931"]
[PlyCount "36"]
[EventDate "2012.10.05"]
[EventType "team"]
[EventRounds "11"]
[EventCountry "AUT"]
[WhiteTeam "ASK 1"]
[BlackTeam "Goetzis"]

1. e4 e6 2. c4 d5 3. exd5 exd5 4. cxd5 Nf6 5. Nc3 Nxd5 6. Bc4 Nb6 7. Bb3 Nc6 8.
Nf3 Be7 9. d4 Bf5 10. O-O O-O 11. a3 Bf6 12. d5 Na5 13. Ba2 Nac4 14. Nd4 Bg6
15. Nce2 Bh5 16. Qd3 Bg6 17. Qd1 Bh5 18. Qd3 Bg6 1/2-1/2

[Event "2. Bundesliga West 2012/13"]
[Site "Salzburg"]
[Date "2013.03.08"]
[Round "9"]
[Board "1"]
[White "Deglmann, Ludwig"]
[Black "Breder, Dennis"]
[Result "0-1"]
[WhiteElo "2323"]
[BlackElo "2438"]
[PlyCount "98"]
[EventDate "2012.10.05"]
[EventType "team"]
[EventRounds "11"]
[EventCountry "AUT"]
[WhiteTeam "Schwaz"]
[BlackTeam "Hohenems II"]

1. d4 d5 2. c4 c6 3. Nf3 e6 4. Nc3 Nf6 5. Bg5 h6 6. Bh4 g5 
7. Bg3 dxc4 8. e4 b5 9. e5 Nh5 10. Be2 Nxg3 11. hxg3 Bg7 12. Ne4 Nd7 
13. a4 Qb6 14. Qd2 c5 15. Nfxg5 cxd4 16. Nxf7 Kxf7 17. Qf4+ Ke8 18. a5 Qa6 
19. Nd6+ Kd8 20. Qxd4 Rf8 21. Rh5 Kc7 22. f4 Rb8 23. Bg4 Qc6 24. Qxa7+ Rb7 
25. Qe3 Qc5 26. Ke2 Qxe3+ 27. Kxe3 Nc5 28. a6 Rb8 29. a7 Ra8 30. Nxb5+ Kb6 
31. Bf3 Bb7 32. Bxb7 Nxb7 33. Nd4 Rfe8 34. Ra4 Na5 35. Rb4+ Kc7 36. Rh1 Bf8 
37. Ra4 Kb6 38. Ke4 Rxa7 39. g4 Bc5 40. Nf3 Kb5 41. Raa1 Nb3 42. Rxa7 Bxa7 
43. Rxh6 Nc5+ 44. Ke3 Nd3+ 45. Nd4+ Bxd4+ 46. Kxd4 Nxf4 47. g3 Rd8+ 48. Ke4 Nd3 
49. Rxe6 Nc5+ 0-1

[Event "2. Bundesliga West 2012/13"]
[Site "Salzburg"]
[Date "2013.03.08"]
[Round "9"]
[Board "2"]
[White "Baldauf, Marco"]
[Black "Fuchs, Georg"]
[Result "1-0"]
[WhiteElo "2376"]
[BlackElo "2308"]
[PlyCount "68"]
[EventDate "2012.10.05"]
[EventType "team"]
[EventRounds "11"]
[EventCountry "AUT"]
[WhiteTeam "Hohenems II"]
[BlackTeam "Schwaz"]

1. d4 Nf6 2. c4 e6 3. Nc3 d5 4. cxd5 exd5 5. Bg5 Be7 6. e3 O-O 
7. Bd3 h6 8. Bf4 c5 9. dxc5 Bxc5 10. Nf3 Nc6 11. O-O Be6 12. Rc1 Nh5 
13. Bb1 Nxf4 14. exf4 Ne7 15. Ne2 Rc8 16. Ng3 f5 17. Ne2 Qb6 18. Ned4 Bxd4 
19. Qxd4 Qxd4 20. Nxd4 Bd7 21. Rfe1 Kf7 22. Rcd1 Kf6 23. Re5 Rc5 24. Rde1 Nc6 
25. Ne6 Bxe6 26. Rxe6+ Kf7 27. Bxf5 Nd4 28. Bg6+ Kg8 29. f5 Nxf5 30. Re8 Nd6 
31. Bh7+ Kxh7 32. Rxf8 d4 33. Rd8 Rc6 34. g4 d3 1-0

[Event "2. Bundesliga West 2012/13"]
[Site "Salzburg"]
[Date "2013.03.08"]
[Round "9"]
[Board "3"]
[White "Blaas, Hansjoerg"]
[Black "Atlas, Dmitry"]
[Result "1-0"]
[WhiteElo "2259"]
[BlackElo "2255"]
[PlyCount "113"]
[EventDate "2012.10.05"]
[EventType "team"]
[EventRounds "11"]
[EventCountry "AUT"]
[WhiteTeam "Schwaz"]
[BlackTeam "Hohenems II"]

1. e4 e6 2. d4 d5 3. Nd2 Nf6 4. e5 Nfd7 5. c3 c5 6. f4 Nc6 
7. Ngf3 Qb6 8. Nb3 c4 9. Nbd2 Qa5 10. Be2 b5 11. O-O b4 12. Nb1 Rb8 
13. Bd2 bxc3 14. Bxc3 Bb4 15. Qc2 Bxc3 16. bxc3 Nb6 17. Bd1 Bd7 18. Nbd2 Ne7 
19. Rb1 h6 20. Qb2 Kd8 21. Bc2 Kc7 22. Qb4 Qxb4 23. Rxb4 a5 24. Rb2 Ba4 
25. Rfb1 Bxc2 26. Rxc2 Na4 27. Kf2 Nc6 28. Ng1 Na7 29. Rbc1 Nb2 30. Ke3 Nd3 
31. Rf1 Rb6 32. f5 Kd7 33. fxe6+ Kxe6 34. Ngf3 Rhb8 35. Ne1 Nxe1 36. Rxe1 Rb2 
37. Rec1 Rxc2 38. Rxc2 Rb1 39. g4 a4 40. Nf3 g6 41. Nh4 g5 42. Ng2 a3 
43. h4 Rb2 44. Rf2 Ke7 45. Rf6 Rc2 46. Kf3 Rxc3+ 47. Ne3 Rxe3+ 48. Kxe3 gxh4 
49. Rb6 Nc8 50. Rxh6 Kd7 51. Rxh4 Na7 52. Rh7 Nb5 53. Rxf7+ Ke6 54. Rf6+ Ke7 
55. g5 Nc3 56. g6 Ne4 57. g7 1-0

[Event "2. Bundesliga West 2012/13"]
[Site "Salzburg"]
[Date "2013.03.08"]
[Round "9"]
[Board "4"]
[White "Kessler, Luca"]
[Black "Gruber, Michael"]
[Result "1/2-1/2"]
[WhiteElo "2242"]
[BlackElo "2155"]
[PlyCount "59"]
[EventDate "2012.10.05"]
[EventType "team"]
[EventRounds "11"]
[EventCountry "AUT"]
[WhiteTeam "Hohenems II"]
[BlackTeam "Schwaz"]

1. d4 f5 2. Nf3 Nf6 3. g3 g6 4. Bg2 Bg7 5. b3 O-O 6. Bb2 d6 
7. O-O c6 8. Nbd2 d5 9. Ne5 Nbd7 10. Nd3 Ne4 11. Nf3 Qb6 12. Rc1 g5 
13. c4 g4 14. Nfe5 Nxe5 15. Nxe5 Be6 16. cxd5 cxd5 17. e3 Rac8 18. Qe2 Qa5 
19. Ba1 Qa3 20. Qb2 Qxb2 21. Bxb2 Rxc1 22. Rxc1 Rc8 23. Rxc8+ Bxc8 24. h3 Bxe5 
25. dxe5 Kf7 26. Bd4 b6 27. hxg4 fxg4 28. Bxe4 dxe4 29. Kf1 Ke6 30. Ke1 1/2-1/2

[Event "2. Bundesliga West 2012/13"]
[Site "Salzburg"]
[Date "2013.03.08"]
[Round "9"]
[Board "5"]
[White "Streiter, Gerhard"]
[Black "Burschowsky, Matthias"]
[Result "0-1"]
[WhiteElo "2005"]
[BlackElo "2234"]
[PlyCount "82"]
[EventDate "2012.10.05"]
[EventType "team"]
[EventRounds "11"]
[EventCountry "AUT"]
[WhiteTeam "Schwaz"]
[BlackTeam "Hohenems II"]

1. e4 g6 2. d4 Bg7 3. Nc3 d6 4. f4 c6 5. Nf3 b5 6. e5 Nh6 
7. Bd3 O-O 8. O-O Qb6 9. Kh1 Nf5 10. Ne2 c5 11. c3 cxd4 12. Bxf5 Bxf5 
13. Nexd4 Bd7 14. Qe1 Nc6 15. Be3 Qb8 16. Nxc6 Bxc6 17. Bd4 Bxf3 18. Rxf3 dxe5 
19. Bxe5 Bxe5 20. fxe5 Qb6 21. Rd1 Rad8 22. Rfd3 Rxd3 23. Rxd3 Rd8 24. Rxd8+ Qxd8 
25. Qe2 Qd5 26. a3 a6 27. h3 Qe6 28. Qe4 f5 29. Qa8+ Kg7 30. Qb7 Kh6 
31. Qc7 Kg5 32. Qc5 f4 33. Kg1 Kf5 34. Kf2 Qxe5 35. Qc8+ Qe6 36. Qf8+ Ke4 
37. Qa8+ Kd3 38. Qd8+ Kc2 39. a4 Qe3+ 40. Kf1 Kxb2 41. axb5 axb5 0-1

[Event "2. Bundesliga West 2012/13"]
[Site "Salzburg"]
[Date "2013.03.08"]
[Round "9"]
[Board "6"]
[White "Sandholzer, Robert"]
[Black "Koell, Hannes"]
[Result "0-1"]
[WhiteElo "2155"]
[BlackElo "2056"]
[PlyCount "58"]
[EventDate "2012.10.05"]
[EventType "team"]
[EventRounds "11"]
[EventCountry "AUT"]
[WhiteTeam "Hohenems II"]
[BlackTeam "Schwaz"]

1. e4 g6 2. d4 Bg7 3. Nc3 c6 4. Nf3 d5 5. h3 dxe4 6. Nxe4 Nd7 
7. Bc4 Ngf6 8. Ng3 O-O 9. O-O c5 10. c3 b6 11. Be3 Bb7 12. Qe2 Qc7 
13. Rad1 e6 14. Bb3 Nd5 15. Rfe1 Nxe3 16. Qxe3 Nf6 17. dxc5 bxc5 18. Ng5 Nd5 
19. Qc1 Rad8 20. N5e4 Nf6 21. Nxf6+ Bxf6 22. Ne4 Bg7 23. Qe3 c4 24. Bc2 Qa5 
25. a3 Rd5 26. Nd6 Bc6 27. Nxc4 Qc7 28. Be4 Rxd1 29. Rxd1 Ba4 0-1

[Event "2. Bundesliga West 2012/13"]
[Site "Salzburg"]
[Date "2013.03.08"]
[Round "9"]
[Board "2"]
[White "Weindl, Alfred"]
[Black "Fedorovsky, Michael"]
[Result "1/2-1/2"]
[WhiteElo "2329"]
[BlackElo "2401"]
[PlyCount "61"]
[EventDate "2012.10.05"]
[EventType "team"]
[EventRounds "11"]
[EventCountry "AUT"]
[WhiteTeam "Bregenz"]
[BlackTeam "Rochade Rum"]

1. Nf3 Nf6 2. g3 b5 3. Bg2 Bb7 4. O-O e6 5. d3 Be7 6. e4 d6 
7. Nh4 Nfd7 8. f4 Bxh4 9. gxh4 Qxh4 10. a4 b4 11. Nd2 Nc6 12. a5 Rb8 
13. Nf3 Qh5 14. a6 Bc8 15. Be3 O-O 16. Qe1 b3 17. c3 Nc5 18. Nd4 Nxd4 
19. Bxd4 Nxd3 20. Qg3 e5 21. Bxa7 Ra8 22. Qxd3 Rxa7 23. f5 Bd7 24. Ra3 f6 
25. Rfa1 Qf7 26. c4 Rfa8 27. Qxb3 Bc8 28. Qb5 Bd7 29. Qb3 Bc8 30. Qb5 Bd7 
31. Qb3 1/2-1/2

[Event "2. Bundesliga West 2012/13"]
[Site "Salzburg"]
[Date "2013.03.08"]
[Round "9"]
[Board "3"]
[White "Heinzel, Olaf"]
[Black "Dobosz, Henryk"]
[Result "1-0"]
[WhiteElo "2363"]
[BlackElo "2385"]
[PlyCount "33"]
[EventDate "2012.10.05"]
[EventType "team"]
[EventRounds "11"]
[EventCountry "AUT"]
[WhiteTeam "Rochade Rum"]
[BlackTeam "Bregenz"]

1. d4 d5 2. Bf4 Nf6 3. e3 c5 4. Nc3 a6 5. dxc5 Qa5 6. Bxb8 Rxb8 
7. Qd4 b6 8. cxb6 e6 9. Bd3 Bd7 10. Nge2 Rxb6 11. O-O Bc5 12. Qh4 Rxb2 
13. e4 dxe4 14. Nxe4 Be7 15. Rab1 Nd5 16. Nd6+ Kf8 17. Qh5 1-0

[Event "2. Bundesliga West 2012/13"]
[Site "Salzburg"]
[Date "2013.03.08"]
[Round "9"]
[Board "4"]
[White "Herbrechtsmeier, Christof"]
[Black "Hengl, Christian"]
[Result "1-0"]
[WhiteElo "2283"]
[BlackElo "2231"]
[PlyCount "57"]
[EventDate "2012.10.05"]
[EventType "team"]
[EventRounds "11"]
[EventCountry "AUT"]
[WhiteTeam "Bregenz"]
[BlackTeam "Rochade Rum"]

1. e4 e6 2. d4 d5 3. Nc3 Bb4 4. e5 c5 5. dxc5 Nc6 6. Nf3 Bxc5 
7. Bd3 f5 8. O-O a6 9. a3 b5 10. b4 Bb6 11. a4 Nxb4 12. axb5 Nxd3 
13. Qxd3 Ne7 14. Ba3 Ba5 15. Bd6 Bb7 16. Ng5 Bxc3 17. Nxe6 Qc8 18. Nc7+ Qxc7 
19. Bxc7 Bxa1 20. Rxa1 Kd7 21. Qa3 Nc8 22. b6 Re8 23. Qa4+ Bc6 24. Qb4 Re6 
25. b7 Kxc7 26. bxa8=Q Bxa8 27. Rb1 Nb6 28. Qc5+ Rc6 29. Qe7+ 1-0

[Event "2. Bundesliga West 2012/13"]
[Site "Salzburg"]
[Date "2013.03.08"]
[Round "9"]
[Board "6"]
[White "Mira, Helene"]
[Black "Jedinger, Andreas"]
[Result "1/2-1/2"]
[WhiteElo "2084"]
[BlackElo "2174"]
[PlyCount "65"]
[EventDate "2012.10.05"]
[EventType "team"]
[EventRounds "11"]
[EventCountry "AUT"]
[WhiteTeam "Bregenz"]
[BlackTeam "Rochade Rum"]

1. Nf3 Nf6 2. d4 g6 3. c4 Bg7 4. Nc3 O-O 5. e4 d6 6. Be2 e5 
7. d5 a5 8. Bg5 h6 9. Bh4 Na6 10. Nd2 Nc5 11. g4 Bd7 12. f3 Qe8 
13. Bf2 Nh7 14. Nb3 b6 15. Nxc5 bxc5 16. Bd3 f5 17. gxf5 gxf5 18. Qe2 Qh5 
19. O-O-O fxe4 20. Bxe4 Ng5 21. Rd3 Bf5 22. Re3 Nh3 23. Bxf5 Qxf5 24. Ne4 Rab8 
25. Be1 a4 26. Rf1 Nf4 27. Qc2 Kh8 28. Ra3 Qh3 29. Rg1 Rf7 30. Bg3 Rbf8 
31. Rxa4 Nh5 32. Qg2 Qxg2 33. Rxg2 1/2-1/2

[Event "2. Bundesliga West 2012/13"]
[Site "Salzburg"]
[Date "2013.03.08"]
[Round "9"]
[Board "1"]
[White "Koepke, Christian"]
[Black "Bromberger, Stefan"]
[Result "1/2-1/2"]
[WhiteElo "2364"]
[BlackElo "2492"]
[PlyCount "47"]
[EventDate "2012.10.05"]
[EventType "team"]
[EventRounds "11"]
[EventCountry "AUT"]
[WhiteTeam "Kufstein / Woergl"]
[BlackTeam "SIR Bernhard"]

1. e4 e5 2. Nf3 Nc6 3. Bb5 Nf6 4. O-O Nxe4 5. d4 Nd6 6. Ba4 e4 
7. Re1 Be7 8. Ne5 O-O 9. Nc3 Nf5 10. Rxe4 Nxe5 11. dxe5 c6 12. Bf4 f6 
13. Bb3+ Kh8 14. exf6 gxf6 15. Re1 d5 16. Ne2 Bc5 17. Qd2 Be6 18. c3 Qd7 
19. Bc2 Rae8 20. Rad1 Nh4 21. Bg3 Nf5 22. Bf4 Nh4 23. Bg3 Nf5 24. Bf4 1/2-1/2

[Event "2. Bundesliga West 2012/13"]
[Site "Salzburg"]
[Date "2013.03.08"]
[Round "9"]
[Board "2"]
[White "Geske, Julian"]
[Black "Bertagnolli, Alexander"]
[Result "1-0"]
[WhiteElo "2391"]
[BlackElo "2352"]
[PlyCount "25"]
[EventDate "2012.10.05"]
[EventType "team"]
[EventRounds "11"]
[EventCountry "AUT"]
[WhiteTeam "SIR Bernhard"]
[BlackTeam "Kufstein / Woergl"]

1. e4 Nc6 2. d4 d5 3. exd5 Qxd5 4. Nf3 Qe4+ 5. Be2 Nb4 6. Na3 Bf5 
7. O-O Nxc2 8. Ng5 Qxd4 9. Nxc2 Qc5 10. Na3 f6 11. Be3 Qb4 12. Qd5 Nh6 
13. Bb5+ 1-0

[Event "2. Bundesliga West 2012/13"]
[Site "Salzburg"]
[Date "2013.03.08"]
[Round "9"]
[Board "3"]
[White "Berchtenbreiter, Maximilian"]
[Black "Drabke, Lorenz"]
[Result "1-0"]
[WhiteElo "2336"]
[BlackElo "2411"]
[PlyCount "69"]
[EventDate "2012.10.05"]
[EventType "team"]
[EventRounds "11"]
[EventCountry "AUT"]
[WhiteTeam "Kufstein / Woergl"]
[BlackTeam "SIR Bernhard"]

1. e4 c5 2. Nf3 e6 3. d4 cxd4 4. Nxd4 a6 5. Nc3 Qc7 6. Bd3 Nf6 
7. O-O Bc5 8. Nb3 Be7 9. Qe2 d6 10. Bg5 Nbd7 11. f4 b5 12. Kh1 Bb7 
13. a4 b4 14. Na2 h6 15. Bh4 a5 16. c3 bxc3 17. Nxc3 O-O 18. Nb5 Qb8 
19. Be1 Bd8 20. Rd1 e5 21. Bc3 Re8 22. fxe5 Nxe5 23. Bb1 d5 24. h3 Ned7 
25. Qf2 Bb6 26. Qh4 Nxe4 27. Bxe4 Rxe4 28. Qh5 Qf8 29. Nd6 g6 30. Qf3 Ba6 
31. Nxe4 dxe4 32. Qf4 Bxf1 33. Rxd7 Bc4 34. Nd2 Be6 35. Qf6 1-0

[Event "2. Bundesliga West 2012/13"]
[Site "Salzburg"]
[Date "2013.03.08"]
[Round "9"]
[Board "4"]
[White "Mons, Leon"]
[Black "Neuschmied, Siegfried"]
[Result "1-0"]
[WhiteElo "2338"]
[BlackElo "2239"]
[PlyCount "47"]
[EventDate "2012.10.05"]
[EventType "team"]
[EventRounds "11"]
[EventCountry "AUT"]
[WhiteTeam "SIR Bernhard"]
[BlackTeam "Kufstein / Woergl"]

1. e4 d6 2. d4 Nf6 3. Nc3 g6 4. Be3 c6 5. h3 Bg7 6. f4 Qa5 
7. Bd3 Nbd7 8. Nf3 e5 9. O-O O-O 10. Qe1 exd4 11. Bxd4 Re8 12. Qf2 c5 
13. Be3 c4 14. Bxc4 Nxe4 15. Nxe4 Rxe4 16. Bxf7+ Kh8 17. Ng5 Re7 18. Qh4 Nf6 
19. Bxg6 Rxe3 20. Nxh7 Ng8 21. f5 Qc5 22. Kh1 Qxc2 23. Rac1 Qe4 24. Ng5+ 1-0

[Event "2. Bundesliga West 2012/13"]
[Site "Salzburg"]
[Date "2013.03.08"]
[Round "9"]
[Board "5"]
[White "Rusche, Johannes"]
[Black "Schramm, Christian"]
[Result "0-1"]
[WhiteElo "2220"]
[BlackElo "2391"]
[PlyCount "118"]
[EventDate "2012.10.05"]
[EventType "team"]
[EventRounds "11"]
[EventCountry "AUT"]
[WhiteTeam "Kufstein / Woergl"]
[BlackTeam "SIR Bernhard"]

1. e4 e5 2. Nf3 d5 3. exd5 e4 4. Qe2 Nf6 5. d3 Qxd5 6. Nbd2 Be7 
7. dxe4 Qe6 8. Qc4 Nc6 9. Ng5 Qxc4 10. Bxc4 Ne5 11. Be2 Bd7 12. O-O h6 
13. Ngf3 Nxf3+ 14. Bxf3 O-O-O 15. Be2 Bc5 16. Kh1 Ng4 17. Bxg4 Bxg4 18. h3 Bd7 
19. a4 Rhe8 20. Nb3 Bf8 21. Re1 Bc6 22. f3 f5 23. e5 g5 24. Bd2 Bg7 
25. Bc3 Rd5 26. Nd4 Bd7 27. e6 Bxd4 28. exd7+ Kxd7 29. Rxe8 Kxe8 30. Rd1 c5 
31. Bxd4 cxd4 32. Kg1 Kd7 33. Kf2 Kc6 34. Ke2 Re5+ 35. Kd3 a5 36. Rd2 Kc5 
37. Re2 Rxe2 38. Kxe2 Kb4 39. Kd3 Kxa4 40. Kxd4 Kb4 41. f4 gxf4 42. Ke5 a4 
43. Kxf5 b5 44. Kxf4 Kc4 45. g4 Kd4 46. h4 b4 47. g5 hxg5+ 48. hxg5 Kd5 
49. Kf5 Kd6 50. Kf6 a3 51. bxa3 bxa3 52. g6 a2 53. g7 a1=Q+ 54. Kf7 Qa7+ 
55. Kf8 Qe7+ 56. Kg8 Qe8+ 57. Kh7 Qh5+ 58. Kg8 Ke7 59. c4 Kf6 0-1

[Event "2. Bundesliga West 2012/13"]
[Site "Salzburg"]
[Date "2013.03.08"]
[Round "9"]
[Board "6"]
[White "Pitl, Gregory"]
[Black "Steinbacher, Thomas"]
[Result "1-0"]
[WhiteElo "2401"]
[BlackElo "2072"]
[PlyCount "67"]
[EventDate "2012.10.05"]
[EventType "team"]
[EventRounds "11"]
[EventCountry "AUT"]
[WhiteTeam "SIR Bernhard"]
[BlackTeam "Kufstein / Woergl"]

1. e4 e5 2. Nf3 Nc6 3. d4 exd4 4. Nxd4 Qh4 5. Nc3 Bb4 6. Be2 d6 
7. O-O Nf6 8. Nf3 Qh5 9. Nd5 Nxd5 10. Ng5 Qg6 11. Bh5 Qf6 12. Bxf7+ Kf8 
13. Bxd5 Ne5 14. f4 Bc5+ 15. Kh1 Ng4 16. e5 Qh6 17. h3 Nf2+ 18. Rxf2 Bxf2 
19. f5 Qh4 20. Ne4 h6 21. e6 Bg3 22. Nxg3 Qxg3 23. Bf4 Qh4 24. Qf3 Ke7 
25. Qe4 Qf6 26. Bg3 Kf8 27. Bh4 Qe5 28. Qg4 g5 29. fxg6 Kg7 30. Rf1 Qxd5 
31. Rf7+ Kg8 32. g7 Bxe6 33. gxh8=Q+ Kxh8 34. Qg7+ 1-0

[Event "2. Bundesliga West 2012/13"]
[Site "Salzburg"]
[Date "2013.03.08"]
[Round "9"]
[Board "1"]
[White "Lanka, Zigurds"]
[Black "Schmidt, Georg"]
[Result "1-0"]
[WhiteElo "2422"]
[BlackElo "2347"]
[PlyCount "57"]
[EventDate "2012.10.05"]
[EventType "team"]
[EventRounds "11"]
[EventCountry "AUT"]
[WhiteTeam "Zillertal"]
[BlackTeam "Mozart-Wals-Treuhand"]

1. e4 e6 2. d4 d5 3. Nc3 Nf6 4. e5 Nfd7 5. f4 c5 6. Nce2 Nc6 
7. Nf3 b6 8. c3 Ba6 9. a3 Rc8 10. g3 cxd4 11. cxd4 Na5 12. b4 Bxe2 
13. Bxe2 Nc4 14. h4 b5 15. Bd3 Be7 16. f5 exf5 17. Bxf5 Rc6 18. O-O Nf8 
19. a4 a6 20. axb5 axb5 21. Ng5 f6 22. Qf3 g6 23. Bd3 Bxb4 24. exf6 Rd6 
25. Ra7 Nd7 26. Qe2+ Kf8 27. Ne6+ Rxe6 28. Qxe6 Qb8 29. Bh6+ 1-0

[Event "2. Bundesliga West 2012/13"]
[Site "Salzburg"]
[Date "2013.03.08"]
[Round "9"]
[Board "2"]
[White "Panteleev, Petar"]
[Black "Kleissl, Helmut"]
[Result "1-0"]
[WhiteElo "2306"]
[BlackElo "2290"]
[PlyCount "81"]
[EventDate "2012.10.05"]
[EventType "team"]
[EventRounds "11"]
[EventCountry "AUT"]
[WhiteTeam "Mozart-Wals-Treuhand"]
[BlackTeam "Zillertal"]

1. Nf3 g6 2. d4 Bg7 3. c4 d6 4. Nc3 Bg4 5. g3 Bxf3 6. exf3 e6 
7. Bg2 Ne7 8. d5 exd5 9. cxd5 O-O 10. O-O Nd7 11. h4 Nc5 12. Bh3 f5 
13. Be3 Qe8 14. Bxc5 dxc5 15. d6 cxd6 16. Qxd6 Nc6 17. Qxc5 Nd4 18. f4 b6 
19. Qc4+ Kh8 20. Bg2 Rc8 21. Qa6 Qe7 22. Nd5 Qf7 23. Rae1 Rfe8 24. Rxe8+ Rxe8 
25. Ne3 h6 26. Rd1 g5 27. hxg5 hxg5 28. fxg5 f4 29. Qc4 Qxc4 30. Nxc4 b5 
31. Nd2 Ne2+ 32. Kf1 fxg3 33. Re1 gxf2 34. Rxe2 Rxe2 35. Kxe2 Bxb2 36. Kxf2 Kg7 
37. Bc6 b4 38. Kf3 Bc1 39. Ne4 Kg6 40. Kg4 Be3 41. Be8+ 1-0

[Event "2. Bundesliga West 2012/13"]
[Site "Salzburg"]
[Date "2013.03.08"]
[Round "9"]
[Board "4"]
[White "Opl, Klaus"]
[Black "Schiestl, Josef"]
[Result "1-0"]
[WhiteElo "2318"]
[BlackElo "2115"]
[PlyCount "54"]
[EventDate "2012.10.05"]
[EventType "team"]
[EventRounds "11"]
[EventCountry "AUT"]
[WhiteTeam "Mozart-Wals-Treuhand"]
[BlackTeam "Zillertal"]

1. e4 c5 2. Nf3 e6 3. d4 cxd4 4. Nxd4 a6 5. Bd3 Bc5 6. Nb3 Ba7 
7. Qg4 Nf6 8. Qg3 d6 9. O-O Nc6 10. Kh1 b5 11. a4 b4 12. f4 h5 
13. N1d2 Ng4 14. Nc4 Qc7 15. e5 d5 16. Ne3 Nxe3 17. Bxe3 g6 18. Rac1 Bxe3 
19. Qxe3 Qa7 20. Qe2 Bd7 21. c4 bxc3 22. Rxc3 Nd4 23. Nxd4 Qxd4 24. a5 Qb4 
25. Rc7 Qxa5 26. Qc2 Bb5 27. Qc5 Qxc7 1-0

[Event "2. Bundesliga West 2012/13"]
[Site "Salzburg"]
[Date "2013.03.08"]
[Round "9"]
[Board "5"]
[White "Kroell, Johannes"]
[Black "Peterwagner, Heinz"]
[Result "0-1"]
[WhiteElo "2205"]
[BlackElo "2129"]
[PlyCount "100"]
[EventDate "2012.10.05"]
[EventType "team"]
[EventRounds "11"]
[EventCountry "AUT"]
[WhiteTeam "Zillertal"]
[BlackTeam "Mozart-Wals-Treuhand"]

1. Nc3 g6 2. e4 Bg7 3. d3 c5 4. Be3 d6 5. Qd2 Nc6 6. Nge2 Nf6 
7. Bh6 Bxh6 8. Qxh6 Nd4 9. O-O-O e5 10. Nd5 Nxd5 11. exd5 Nxe2+ 12. Bxe2 Qf6 
13. Bf3 Bd7 14. h4 O-O-O 15. Rde1 Rde8 16. Re4 Qe7 17. Qd2 Qd8 18. b4 f5 
19. Rc4 b6 20. bxc5 dxc5 21. Qb4 Qc7 22. Qb2 Kd8 23. Re1 b5 24. Rc3 b4 
25. Rc4 Bb5 26. Qb3 Bxc4 27. Qxc4 Qd6 28. Kb2 Ke7 29. d4 cxd4 30. Qxd4 Kf6 
31. Qxa7 Ra8 32. Qe3 e4 33. Qb3 Rhc8 34. Kb1 Ra3 35. Qb2+ Qe5 36. Be2 Qxb2+ 
37. Kxb2 Rac3 38. Rc1 Ke5 39. Ba6 R8c7 40. Bb5 Kxd5 41. Ba4 e3 42. fxe3 Rxe3 
43. Rd1+ Ke5 44. Rd2 Kf4 45. Rd4+ Re4 46. Rd3 Kg4 47. g3 Rc3 48. Rxc3 bxc3+ 
49. Kb3 Rxa4 50. Kxa4 Kxg3 0-1